Agricultural development; (Record no. 14620)

000 -LEADER
fixed length control field 00420cam a2200157 4500
020 ## - INTERNATIONAL STANDARD BOOK NUMBER
ISBN 0801812593
040 ## - CATALOGING SOURCE
Transcribing agency DLC
082 00 - DEWEY DECIMAL CLASSIFICATION NUMBER
Classification number 338 JOH 1971 A069 Or.
100 1# - MAIN ENTRY--AUTHOR NAME
Personal name Hayami, Yūjirō,
245 10 - TITLE STATEMENT
Title Agricultural development;
Remainder of title an international perspective
260 ## - PUBLICATION, DISTRIBUTION, ETC. (IMPRINT)
Place of publication Baltimore,
Name of publisher Johns Hopkins Press
Year of publication [1971]
300 ## - PHYSICAL DESCRIPTION
Number of Pages xiv, 367 p.
Dimensions 24 cm.
650 #0 - SUBJECT ADDED ENTRY--TOPICAL TERM
Topical Term Agriculture
700 1# - ADDED ENTRY--PERSONAL NAME
Personal name Ruttan, Vernon W.,
942 ## - ADDED ENTRY ELEMENTS (KOHA)
Koha item type សៀវភៅភាសាអង់គ្លេស
952 ## - LOCATION AND ITEM INFORMATION (KOHA)
Withdrawn status [LOCAL, KOHA] 0
Holdings
Permanent Location Date acquired Koha item type Lost status Shelving location Barcode Current Location Full call number
Library Block A2017-10-20សៀវភៅភាសាអង់គ្លេស A069A06649Library Block A338 JOH 1971 A069 Or.
មជ្ឈមណ្ឌលឯការនៃសាកលវិទ្យាល័យភូមិន្ទកសិកម្មចំការដូង

Powered by Koha